Grupy ligi mistrzów w sezonie 2021/22. - Statystyki

Ogólne statystyki
  • Ten quiz został rozwiązany 225 razy
  • Średni wynik to 24 z 32
Statystyki odpowiedzi
Grupa Klub % Poprawnych
E FC Barcelona
97%
E Bayern
96%
D Real Madryt
96%
H Juventus
94%
A Manchester City
93%
A PSG
93%
B Atletico Madryt
92%
D Inter
92%
B AC Milan
91%
B Liverpool
91%
F Manchester United
90%
H Chelsea
89%
C Borussia Dortmund
86%
E Benfica
79%
A RB Lipsk
78%
B FC Porto
77%
C Ajax
72%
F Atalanta
71%
E Dynamo Kijów
71%
G Sevilla
71%
C Sporting
69%
G Lille
67%
D Szachtar
66%
F Villarreal
66%
A Club Brugge
63%
D Sheriff
60%
F Young Boys
59%
H Zenit
58%
G Wolfsburg
54%
H Malmo
49%
G Salzburg
48%
C Besiktas
40%
Nie znaleziono quizów pasujących do podanych kryteriów
Rozkład punktacji
Procent ludzi z każdym wynikiem
Percentyl według liczby udzielonych odpowiedzi
Twoja historia wyników
Nie rozwiązałeś tego quizu